000 00577nam a2200229Ia 4500
003 OSt
005 20221005114433.0
006 a|||||r|||| 00| 0
007 ta
008 221004b |||||||| |||| 00| 0 mal d
024 _a57964
037 _cTextual
040 _aCRL
_cCRL
_bmal
041 _2mal
_amal
082 _aO32,6NKRx,2, L7
100 _aKrishnakaimal
_9625971
245 0 _aAstakalasam
260 _c1977
650 _aMALAYALAM LITERATURE
_938866
942 _hO32,6NKRx,2, L7
_cTEXL
_2cc
999 _c1031346
_d1031346